<?xml version="1.0" encoding="UTF-8"?>
<record
    xmlns:xsi="http://www.w3.org/2001/XMLSchema-instance"
    xsi:schemaLocation="http://www.loc.gov/MARC21/slim http://www.loc.gov/standards/marcxml/schema/MARC21slim.xsd"
    xmlns="http://www.loc.gov/MARC21/slim">

  <leader>01695nam a22002057a 4500</leader>
  <controlfield tag="005">20240312122916.0</controlfield>
  <controlfield tag="008">240312b           ||||| |||| 00| 0 eng d</controlfield>
  <datafield tag="020" ind1=" " ind2=" ">
    <subfield code="a">9780873327855</subfield>
  </datafield>
  <datafield tag="040" ind1=" " ind2=" ">
    <subfield code="c">AL</subfield>
  </datafield>
  <datafield tag="041" ind1=" " ind2=" ">
    <subfield code="a">eng</subfield>
  </datafield>
  <datafield tag="082" ind1=" " ind2=" ">
    <subfield code="2">23</subfield>
    <subfield code="a">303.4840954</subfield>
    <subfield code="b">OMVR</subfield>
  </datafield>
  <datafield tag="100" ind1=" " ind2=" ">
    <subfield code="a">Gail Omvedt</subfield>
    <subfield code="9">153897</subfield>
  </datafield>
  <datafield tag="245" ind1=" " ind2=" ">
    <subfield code="a">Reinventing revolution</subfield>
    <subfield code="b">: new social movements and the socialist tradition in india</subfield>
  </datafield>
  <datafield tag="260" ind1=" " ind2=" ">
    <subfield code="a">London</subfield>
    <subfield code="b">Routledge</subfield>
    <subfield code="c">2019</subfield>
  </datafield>
  <datafield tag="300" ind1=" " ind2=" ">
    <subfield code="a">xvii,353p.</subfield>
    <subfield code="b">PB</subfield>
    <subfield code="c">23x14cm.</subfield>
  </datafield>
  <datafield tag="365" ind1=" " ind2=" ">
    <subfield code="2">General</subfield>
    <subfield code="a">8631</subfield>
    <subfield code="b">&#x20B9;3762.00</subfield>
    <subfield code="c">&#x20B9;</subfield>
    <subfield code="d">&#x20B9;4703.00</subfield>
    <subfield code="e">20%</subfield>
    <subfield code="f">09/03/2024</subfield>
  </datafield>
  <datafield tag="520" ind1=" " ind2=" ">
    <subfield code="a">This study describes and analyses the new social movements that have arisen in India over the past two decades, in particular the anti-caste movement (of both the untouchables and the lower-middle castes), the women's liberation movement, the farmers' movement (centred on struggles arising out of their integration into a state-controlled capitalist market), and the environmental movements (opposition to destructive development, including resistance to big dam projects and the search for alternatives). Rooted in participant observation, it focuses on the ideologies and self-understanding of the movements themselves. The central themes of this book are the origin of movements in the socio-economic contradictions of post-independence India; their effect on political developments, in particular the disintegration of Congress hegemony; their relation to "traditional Marxist" theory and Communist practice; and their groping toward a synthesis of theory and practice that constitutes a new social vision distinct from traditional Marxism.</subfield>
  </datafield>
  <datafield tag="650" ind1=" " ind2=" ">
    <subfield code="2">Social Processes</subfield>
    <subfield code="a">Purposefully induced change</subfield>
    <subfield code="9">153898</subfield>
  </datafield>
  <datafield tag="942" ind1=" " ind2=" ">
    <subfield code="2">ddc</subfield>
    <subfield code="c">BK</subfield>
  </datafield>
  <datafield tag="999" ind1=" " ind2=" ">
    <subfield code="c">230238</subfield>
    <subfield code="d">230238</subfield>
  </datafield>
  <datafield tag="952" ind1=" " ind2=" ">
    <subfield code="0">0</subfield>
    <subfield code="1">0</subfield>
    <subfield code="2">ddc</subfield>
    <subfield code="4">0</subfield>
    <subfield code="7">0</subfield>
    <subfield code="8">MAJMC</subfield>
    <subfield code="a">SACPG</subfield>
    <subfield code="b">SACPG</subfield>
    <subfield code="d">2024-03-12</subfield>
    <subfield code="e">Biblios Book Point</subfield>
    <subfield code="g">3762.00</subfield>
    <subfield code="l">0</subfield>
    <subfield code="o">303.4840954 OMVR</subfield>
    <subfield code="p">PG024704</subfield>
    <subfield code="r">2024-03-12 00:00:00</subfield>
    <subfield code="v">4703.00</subfield>
    <subfield code="w">2024-03-12</subfield>
    <subfield code="y">BK</subfield>
  </datafield>
</record>
